000 00561nam a2200229Ia 4500
003 OSt
005 20221005121932.0
006 a|||||r|||| 00| 0
007 ta
008 221004b |||||||| |||| 00| 0 tam d
024 _a45590
037 _cTextual
040 _aCRL
_cCRL
_btam
041 _2tam
_atam
082 _aw2,M7, 31K2
100 _aRadhakrishnan Au.
_9625636
245 0 _aIndia periyargal
260 _c1962
650 _aBIOGRAPHY
942 _hw2,M7, 31K2
_cTEXL
_2cc
999 _c1042759
_d1042759